|
LDR
| 01936nam a2200469Ii 4500 |
|---|
| 001 | 145039 |
|---|
| 003 | CONS |
|---|
| 005 | 20180109133554.0 |
|---|
| 008 | 161010s2017 nyua j 000 1 eng d |
|---|
| 010 | | . |
‡a 2017932248 |
|---|
| 020 | | . |
‡a9781481481359
‡q(hardcover) |
|---|
| 020 | | . |
‡a1481481355
‡q(hardcover) |
|---|
| 020 | | . |
‡a9781481481342
‡q(paperback) |
|---|
| 020 | | . |
‡a1481481347
‡q(paperback) |
|---|
| 020 | | . |
‡a9781518246050
‡q(FollettBound) |
|---|
| 020 | | . |
‡a1518246052
‡q(FollettBound) |
|---|
| 035 | | . |
‡a(CPomAG)LMN603124 |
|---|
| 050 | 1 | 4. |
‡aPZ7.D439
‡bSpk 2017 |
|---|
| 082 | 0 | 4. |
‡a[E]
‡223 |
|---|
| 100 | 1 | . |
‡aDePaola, Tomie,
‡d1934-
‡eauthor,
‡eillustrator. |
|---|
| 245 | 1 | 0. |
‡aStrega Nona and her tomatoes /
‡cwritten and illustrated by Tomie dePaola. |
|---|
| 250 | | . |
‡aSimon Spotlight edition. |
|---|
| 264 | | 1. |
‡aNew York :
‡bSimon Spotlight, an imprint of Simon & Schuster,
‡c©2017. |
|---|
| 300 | | . |
‡a1 volume (unpaged) :
‡bcolor illustrations ;
‡c24 cm. |
|---|
| 336 | | . |
‡atext
‡btxt
‡2rdacontent |
|---|
| 336 | | . |
‡astill image
‡bsti
‡2rdacontent |
|---|
| 337 | | . |
‡aunmediated
‡bn
‡2rdamedia |
|---|
| 338 | | . |
‡avolume
‡bnc
‡2rdacarrier |
|---|
| 490 | 1 | . |
‡aReady-to-read. Level one, Star reader! |
|---|
| 511 | 0 | . |
‡aIllustrated by Author. |
|---|
| 520 | | . |
‡aStrega Nona fills her basket with two dozen tomatoes from her garden that she intends to donate to the convent, but her effort is challenged by her mischievous goat and her haphazard assistant, Big Anthony. |
|---|
| 650 | | 0. |
‡aStrega Nona (Fictitious character)
‡vJuvenile fiction. |
|---|
| 650 | | 0. |
‡aTomatoes
‡vJuvenile fiction. |
|---|
| 650 | | 0. |
‡aCounting
‡vJuvenile fiction. |
|---|
| 650 | | 0. |
‡aHelping behavior
‡vJuvenile fiction. |
|---|
| 650 | | 0. |
‡aWitches
‡vJuvenile fiction. |
|---|
| 650 | | 1. |
‡aHelpfulness
‡vFiction. |
|---|
| 655 | | 7. |
‡aReaders (Primary)
‡2lcgft |
|---|
| 830 | | 0. |
‡aReady-to-read.
‡nLevel one,
‡pStar reader! |
|---|
| 914 | | . |
‡aSCP_kt |
|---|
| 959 | | . |
‡i32269001037269
‡lBR DeP
‡aJuvenile - Easy
‡tBeginning Reader
‡g10.00 |
|---|
| 852 | | . |
‡p32269001037269
‡jBR DeP
‡gJuvenile - Easy
‡cBeginning Reader
‡y10.00
‡bSBPL |
|---|
| 901 | | . |
‡a145039
‡bUnknown
‡c145039
‡tbiblio |
|---|